000
00266nam a2200121Ia 4500
005
20251222140027.0
008
251222s1900||||xx |||||||||||||| ||spa||
082
_a
143/G51
100
_a
Guisso, Lorenzo
245
0
_a
Bergson
264
_b
Fratelli Bocca
942
_c
LIB
999
_c
2813
_d
2813